Mathematical models with applications / (Record no. 19864)
[ view plain ]
| 000 -LEADER | |
|---|---|
| fixed length control field | 01465cam a22003737a 4500 |
| 001 - CONTROL NUMBER | |
| control field | 13635355 |
| 003 - CONTROL NUMBER IDENTIFIER | |
| control field | OSt |
| 005 - DATE AND TIME OF LATEST TRANSACTION | |
| control field | 20230126093800.0 |
| 008 - FIXED-LENGTH DATA ELEMENTS--GENERAL INFORMATION | |
| fixed length control field | 040624s2002 nyua b 001 0 eng d |
| 010 ## - LIBRARY OF CONGRESS CONTROL NUMBER | |
| LC control number | 2004274692 |
| 020 ## - INTERNATIONAL STANDARD BOOK NUMBER | |
| International Standard Book Number | 0716744589 |
| 035 ## - SYSTEM CONTROL NUMBER | |
| System control number | (DLC)13635355 |
| 040 ## - CATALOGING SOURCE | |
| Original cataloging agency | YGM |
| Transcribing agency | YGM |
| Modifying agency | OCLCQ |
| -- | DLC |
| 042 ## - AUTHENTICATION CODE | |
| Authentication code | lccopycat |
| 050 00 - LIBRARY OF CONGRESS CALL NUMBER | |
| Classification number | QA11.2 |
| Item number | .M28 2002 |
| 245 00 - TITLE STATEMENT | |
| Title | Mathematical models with applications / |
| Statement of responsibility, etc. | Ronald E. Bell II, Marsha Davis, Sandra Nite. |
| 246 3# - VARYING FORM OF TITLE | |
| Title proper/short title | COMAP's mathematical models with applications |
| 260 ## - PUBLICATION, DISTRIBUTION, ETC. (IMPRINT) | |
| Place of publication, distribution, etc. | New York : |
| Name of publisher, distributor, etc. | W.H. Freeman, |
| Date of publication, distribution, etc. | 2002 |
| 300 ## - PHYSICAL DESCRIPTION | |
| Extent | xv, 592p. |
| 500 ## - GENERAL NOTE | |
| General note | At head of title: COMAP's. |
| 504 ## - BIBLIOGRAPHY, ETC. NOTE | |
| Bibliography, etc | Includes bibliographical references (p. 591) and index. |
| 650 #0 - SUBJECT ADDED ENTRY--TOPICAL TERM | |
| Topical term or geographic name as entry element | Mathematics |
| General subdivision | Study and teaching (Secondary) |
| 650 #0 - SUBJECT ADDED ENTRY--TOPICAL TERM | |
| Topical term or geographic name as entry element | Mathematical models |
| General subdivision | Study and teaching (Secondary) |
| 700 1# - ADDED ENTRY--PERSONAL NAME | |
| Personal name | Garfunkel, Solomon A., |
| Dates associated with a name | 1943- |
| 700 1# - ADDED ENTRY--PERSONAL NAME | |
| Personal name | Cheyney, Roland. |
| 700 1# - ADDED ENTRY--PERSONAL NAME | |
| Personal name | Lege, Jerry. |
| 710 2# - ADDED ENTRY--CORPORATE NAME | |
| Corporate name or jurisdiction name as entry element | Consortium for Mathematics and Its Applications (U.S.) |
| 856 42 - ELECTRONIC LOCATION AND ACCESS | |
| Materials specified | Publisher description |
| Uniform Resource Identifier | <a href="http://www.loc.gov/catdir/enhancements/fy0912/2004274692-d.html">http://www.loc.gov/catdir/enhancements/fy0912/2004274692-d.html</a> |
| 856 41 - ELECTRONIC LOCATION AND ACCESS | |
| Materials specified | Table of contents only |
| Uniform Resource Identifier | <a href="http://www.loc.gov/catdir/enhancements/fy0912/2004274692-t.html">http://www.loc.gov/catdir/enhancements/fy0912/2004274692-t.html</a> |
| 906 ## - LOCAL DATA ELEMENT F, LDF (RLIN) | |
| a | 7 |
| b | cbc |
| c | copycat |
| d | 3 |
| e | ncip |
| f | 20 |
| g | y-gencatlg |
| 942 ## - ADDED ENTRY ELEMENTS (KOHA) | |
| Source of classification or shelving scheme | Library of Congress Classification |
| Koha item type | General Collection |
| Withdrawn status | Lost status | Source of classification or shelving scheme | Not for loan | Home library | Current library | Date acquired | Total Checkouts | Full call number | Barcode | Date last seen | Price effective from | Koha item type |
|---|---|---|---|---|---|---|---|---|---|---|---|---|
| Library of Congress Classification | Kabarak, Main Campus | Kabarak, Main Campus | 26/01/2023 | QA11.2 .M28 2002 c.1 | 031028 | 26/01/2023 | 26/01/2023 | General Collection |